| 000 | 00358nam a2200145Ia 4500 | ||
|---|---|---|---|
| 003 | OSt | ||
| 005 | 20240207102108.0 | ||
| 008 | 170523s9999 xx 000 0 und d | ||
| 020 | _a9788170408352 | ||
| 040 | _ciimt university meerut | ||
| 100 | _aACHARYA- BK | ||
| 245 | 0 | _aBUSINESS POLICY AND ADMINISTRATION | |
| 260 | _bHIMALAYA PUBLICATION | ||
| 942 |
_2ddc _c02 |
||
| 999 |
_c362 _d362 |
||